[Event "Cardiff Welsh op"]
[Site "Cardiff"]
[Date "2023.04.10"]
[Round "6"]
[White "Guy, David T"]
[Black "Larg, Richard"]
[Result "1/2-1/2"]
[WhiteElo "1827"]
[BlackElo "1590"]
[PlyCount "23"]
[EventDate "2023.04.07"]
[EventType "swiss"]
[EventRounds "7"]
[EventCountry "WLS"]
[SourceTitle "EXT 2024"]
[Source "ChessBase"]
[SourceDate "2023.10.10"]
[SourceVersion "1"]
[SourceVersionDate "2023.10.10"]
[SourceQuality "1"]

1. d4 d5 2. Nf3 Nf6 3. c4 e6 4. Nc3 Be7 5. Bg5 0-0 6. e3 Nbd7 7. Qc2 c5 8. cxd5 Nxd5 9. Bxe7 Qxe7 10. Nxd5 exd5 11. dxc5 Qxc5 12. Qxc5 1/2-1/2

[Event "Cardiff Welsh op"]
[Site "Cardiff"]
[Date "2022.04.15"]
[Round "1"]
[White "Maguire, Steve"]
[Black "Larg, Richard"]
[Result "0-1"]
[WhiteElo "856"]
[BlackElo "1645"]
[PlyCount "96"]
[EventDate "2022.04.15"]
[EventType "swiss"]
[EventRounds "7"]
[EventCountry "WLS"]
[SourceTitle "CBM 207 Extra"]
[Source "ChessBase"]
[SourceDate "2022.05.31"]
[SourceVersion "1"]
[SourceVersionDate "2022.05.31"]
[SourceQuality "1"]

1. c4 c5 2. Nc3 Nc6 3. g3 d6 4. Bg2 e5 5. d3 Nf6 6. e4 Be7 7. Nge2 0-0 8. 0-0 Bd7 9. f4 Qc8 10. f5 g6 11. fxg6 fxg6 12. Bg5 Bh3 13. Qd2 Bxg2 14. Kxg2 Qd7 15. Rf3 Nh5 16. Raf1 Rxf3 17. Rxf3 Rf8 18. Rxf8+ Kxf8 19. Bh6+ Kg8 20. Nd5 Nf6 21. Nxe7+ Qxe7 22. Bg5 Qf7 23. h3 Ne8 24. a3 Ng7 25. Qe3 Ne6 26. Bh6 Ncd4 27. Nxd4 Nxd4 28. Qf2 a6 29. Bg5 b5 30. Qxf7+ Kxf7 31. Bd8 Nb3 32. Bg5 bxc4 33. dxc4 Na5 34. Kf3 Nxc4 35. Bc1 a5 36. Ke2 Nb6 37. Kd3 Ke6 38. b3 d5 39. Bd2 c4+ 40. bxc4 Nxc4 41. Bc3 Nxa3 42. Bxa5 d4 43. Ke2 Nb5 44. Kf3 Nd6 45. h4 Nc4 46. Be1 d3 47. Bc3 d2 48. Ke2 Nd6 0-1

[Event "Tom Weston Major op"]
[Site "Cardiff"]
[Date "2018.03.31"]
[Round "4"]
[White "Christmas, Steve"]
[Black "Larg, Richard"]
[Result "1-0"]
[WhiteElo "1841"]
[BlackElo "1680"]
[PlyCount "125"]
[EventDate "2018.03.30"]
[EventType "swiss"]
[EventRounds "7"]
[EventCountry "WLS"]
[SourceTitle "EXT 2020"]
[Source "ChessBase"]
[SourceDate "2019.10.17"]
[SourceVersion "1"]
[SourceVersionDate "2019.10.17"]
[SourceQuality "1"]

1. d4 d5 2. c3 Nf6 3. Bf4 e6 4. Nf3 Bd6 5. Bg3 0-0 6. e3 c6 7. Nbd2 Re8 8. Bd3 Bxg3 9. hxg3 Nbd7 10. Qc2 g6 11. 0-0-0 Ng4 12. Rdf1 f5 13. Nh2 Ndf6 14. Ndf3 e5 15. dxe5 Nxe5 16. Nxe5 Rxe5 17. Qb3 Qb6 18. Nf3 Qxb3 19. axb3 Re7 20. Kd2 c5 21. Rh4 b6 22. Ra4 a5 23. Rfa1 Bd7 24. R4a3 Ng4 25. Ke2 Ne5 26. Nxe5 Rxe5 27. Kf1 Bc6 28. b4 c4 29. Bc2 Ree8 30. bxa5 bxa5 31. Rxa5 Rxa5 32. Rxa5 Ra8 33. Rxa8+ Bxa8 34. f3 Kf7 35. Ke2 Bc6 36. e4 fxe4 37. fxe4 Ke6 38. b4 dxe4 39. Ke3 Ke5 40. Bd1 g5 41. Bh5 h6 42. Bf7 Bb5 43. g4 Ba6 44. Bg6 Bb7 45. Be8 Ba8 46. b5 Kd6 47. Bc6 Bxc6 48. bxc6 Kxc6 49. Kxe4 Kd6 50. Kd4 Ke6 51. g3 Kd6 52. Kxc4 Kc6 53. Kd4 Kd6 54. c4 Kc6 55. c5 Kc7 56. Kd5 Kd7 57. c6+ Kc7 58. Kc5 Kc8 59. Kd6 Kd8 60. c7+ Kc8 61. Kc6 h5 62. gxh5 g4 63. Kd6 1-0